000 00345 a2200157 4500
001 145811
040 _cLeonardo Da Vinci
041 _aInglês
082 _a028.5 B444
_bB444
100 _aBELLINI,Paloma
245 _aThe Secret Passage
260 _bHUB EDITORIAL
_c2011
_aSão Paulo
300 _a32p
362 _a20110000
942 _cBK
999 _c145811
_d145811